000 00406nam a2200145Ia 4500
008 220214s9999 xx 000 0 und d
022 _a0367-973x
245 0 _aINDIAN PHYTOPATHOLOGY
260 _bIndian Phytopathological Scoiety
_aNew Delhi
310 _aQ
500 _aEnding Volume & Year: 53, 2000
500 _aMissing Volume: 33-35;42
500 _aStarting Volume & Year: 21, 1968
942 _cBJ
999 _c11139
_d11139